A gyűlölet és a büntetőjog a Janus arcú gyűlöletbeszéd /
Elmentve itt :
| Szerző: | |
|---|---|
| Testületi szerző: | |
| Dokumentumtípus: | Könyv része |
| Megjelent: |
2008
|
| Sorozat: | Lábjegyzetek Platónhoz
6 A gyűlölet 6 |
| Kulcsszavak: | Jogfilozófia, Gyűlölet - filozófia |
| Tárgyszavak: | |
| Online Access: | http://acta.bibl.u-szeged.hu/49133 |
| LEADER | 00879naa a2200241 i 4500 | ||
|---|---|---|---|
| 001 | acta49133 | ||
| 005 | 20220107104700.0 | ||
| 008 | 170821s2008 hu o 0|| hun d | ||
| 020 | |a 978 963 06 4174 6 | ||
| 022 | |a 1785 7082 | ||
| 040 | |a SZTE Egyetemi Kiadványok Repozitórium |b hun | ||
| 041 | |a hun | ||
| 100 | 1 | |a Földesi Tamás | |
| 245 | 1 | 2 | |a A gyűlölet és a büntetőjog |h [elektronikus dokumentum] : |b a Janus arcú gyűlöletbeszéd / |c Földesi Tamás |
| 260 | |c 2008 | ||
| 300 | |a 262-271 | ||
| 490 | 0 | |a Lábjegyzetek Platónhoz |v 6 | |
| 490 | 0 | |a A gyűlölet |v 6 | |
| 650 | 4 | |a Bölcsészettudományok | |
| 650 | 4 | |a Filozófia, etika és vallástudományok | |
| 695 | |a Jogfilozófia, Gyűlölet - filozófia | ||
| 710 | |a Lábjegyzetek Platónhoz: A gyűlölet (2007) (Szeged) | ||
| 856 | 4 | 0 | |u http://acta.bibl.u-szeged.hu/49133/1/platonhoz_006_262-271.pdf |z Dokumentum-elérés |